Gaming Quiz

Random Gaming or Board Games Quiz

Monopoly Squares for Sale Quiz Stats

Quiz Updated Mar 8, 2016

Challenge
Share
Tweet
Score 0/28 Timer 02:00
18 Plays Today
% Correct
???
62.2%
???
53%
???
46.7%
???
46.3%
???
45.4%
???
43.6%
???
42.6%
???
39.9%
???
39.3%
???
38.6%
???
37.9%
???
37.6%
???
36.1%
???
35.1%
% Correct
???
35%
???
34.5%
???
32.8%
???
32%
???
32%
???
31.9%
???
31%
???
31%
???
30.6%
???
30.1%
???
27.8%
???
27.6%
???
26.9%
???
25.6%

You're not logged in!

Compare scores with friends on all Sporcle quizzes.
Join for Free
OR
Log In

You Might Also Like...

Show Comments

Extras

Top Quizzes Today


Score Distribution

Your Account Isn't Verified!

In order to create a playlist on Sporcle, you need to verify the email address you used during registration. Go to your Sporcle Settings to finish the process.

Report this User

Report this user for behavior that violates our Community Guidelines.

Details: